Zmiernenie bronchiálnej obštrukcie po podaní furosemidu u pacientov s bronchiálnou astmou a s chronickou bronchitidou ; Aut. Rafael Redhammer, Vlasta Košinárová, E. Jankulová, Mária Tamášová, Mohamad Naji

Bibliographic Details
Main Authors: Redhammer, Rafael, 1934- (Author), Košinárová, Vlasta (Author), Jankulová, E. (Author), Tamášová, Mária (Author), Naji, Mohamad (Author)
Format: Article
Language:Slovak
PhysicalDescription:Tab. 1, lit. 3 zázn. v angl., češ.
ISSN:0371-2222
Subjects:

MARC

LEADER 00000nab a2200000 a 4500
001 vtls000546168
003 SK-MaSNL
005 20260305020352.0
008 220423c1993 xo 0 slo
015 |a SNBRB19rr/mm-uuuuu 
035 |a CL0546306 
040 |a SNKBUCL  |b slo  |c SNKBUCL  |e AACR2 
041 0 |a slo 
044 |a xo  |c SK 
080 |a 616.233-007.272:615.234  |2 1981 
080 |a 615.234  |2 1981 
080 |a 616.248  |2 1981 
245 0 0 |a Zmiernenie bronchiálnej obštrukcie po podaní furosemidu u pacientov s bronchiálnou astmou a s chronickou bronchitidou ; Aut. Rafael Redhammer, Vlasta Košinárová, E. Jankulová, Mária Tamášová, Mohamad Naji 
300 |b Tab. 1, lit. 3 zázn. v angl., češ. 
650 0 7 |a astma  |2 snkbucl  |9 2427 
650 0 7 |a bronchitída chronická  |2 snkbucl  |9 926351 
650 0 7 |a obštrukcia bronchiálna  |2 snkbucl  |9 900665 
650 0 7 |a furosemid  |2 snkbucl  |9 13956 
655 7 |a články z novín a časopisov  |2 snkbucl  |9 267496 
700 1 |a Redhammer, Rafael,  |d 1934-  |4 aut  |9 221065 
700 1 |a Košinárová, Vlasta  |4 aut  |9 12035 
700 1 |a Jankulová, E.  |4 aut  |9 990991 
700 1 |a Tamášová, Mária  |4 aut  |9 12080 
700 1 |a Naji, Mohamad  |4 aut  |9 991733 
773 0 |t Studia pneumologica et phtiseologica  |g Roč. 53, č. 5 (1993), s. 375-377  |x 0371-2222 
850 |a Slovenská národná knižnica v Martine  |a MTA001 
852 |a SNK  |b KIS3GCP 
958 |a RK 
958 |a ME 
992 |a RBX 
999 |c 3280366  |d 3282296